Hacer hablar: La transcripción testimonial

Bewaard in:
Bibliografische gegevens
Hoofdauteur: Vera León, Antonio
Formaat: Onbekend
Gepubliceerd in: Lima, Perúa: Latinoamericana,
Onderwerpen:
Tags: Voeg label toe
Geen labels, Wees de eerste die dit record labelt!

MARC

LEADER 000000000a22000000004500
001 001569
022 |a 0252-8843 
041 0 |a español 
092 0 |a Revista de crítica literaria latinoamericana 860 R 
100 1 |a Vera León, Antonio 
245 1 0 |a Hacer hablar: La transcripción testimonial 
260 |a Lima, Perúa:   |b Latinoamericana, 
310 |a anual 
650 4 |a LITERATURA DE TESTIMONIO 
773 0 |t Revista de crítica literaria latinoamericana 
773 0 |g volumen 18 
773 0 |g número 36 (1992) 
773 0 |g 1965- 
773 0 |g 181-200 páginas 
999 |c 1873  |d 1873